00367nam a2200145Ia 4500008004100000050001100041050001500052100002700067245002600094245003300120245002500153260001800178260000900196300001600205160319s9999 xx 000 0 und d a920.71 bR627f 2003 a Guerrero, Leon Maria. 4aThe First Filipino :  ba biography of Jose Rizal /  cLeon Maria Guerrero. bBookmark Inc. c1997 a448 pages :